[Event "Prague Festival Challengers 2020"]
[Site "Prague"]
[Date "2020.02.16"]
[Round "5.1"]
[White "Stefansson, Hannes"]
[Black "Krejci, Jan"]
[Result "1-0"]
[WhiteElo "2529"]
[BlackElo "2559"]
[Annotator "TA"]
[PlyCount "65"]
[EventDate "2020.02.12"]
[EventType "tourn"]
[EventCountry "CZE"]
[SourceTitle "playchess.com"]
[Source "ChessBase"]
[SourceQuality "1"]

{[%evp 20,65,37,21,23,38,36,0,18,1,0,-20,8,7,8,9,25,22,23,33,74,70,72,77,69,69,79,79,77,77,84,81,86,89,148,120,138,137,129,131,172,173,29986,29987,29984,733,29995,29996]} 1. e4 e5 2. Nf3 Nc6 3. Bb5 a6 4. Ba4 Nf6 5. O-O Be7 6. Re1 b5 7. Bb3 d6 8. c3 O-O 9. h3 Bb7 10. d4 Re8 11. Nbd2 exd4 {C92: Closed Ruy Lopez: 9...Be6, Karpov and Flohr-Zaitsev Variations.} 12. cxd4 Nd7 13. Bd5 Nb6 {The position is equal.} 14. Bxc6 Bxc6 15. d5 Bd7 16. Nd4 Bf6 17. N2f3 {[#]} Nc4 $146 ({Predecessor:} 17... Rc8 18. Bf4 c5 19. dxc6 Bxc6 20. Nxc6 Rxc6 21. Rc1 Rxc1 22. Qxc1 Na4 23. e5 dxe5 24. Bxe5 Bxe5 25. Rxe5 Rxe5 26. Nxe5 {½-½ (37) Gao,R (2552)-Zhou,W (2635) Xinghua 2016}) 18. b3 Ne5 19. Bb2 Qb8 20. Rc1 Qb6 21. Nxe5 Bxe5 22. Qd2 h6 23. Nc6 Bxb2 24. Qxb2 Bxc6 25. Rxc6 Qa7 26. Re3 Re7 (26... Rad8 $142) 27. Rg3 $16 {[%csl Gg3][%cal Rb2g7]} g6 28. Qf6 Rae8 29. Rcc3 {Strongly threatening h4.} Qb8 ({And not} 29... Rxe4 30. Rxg6+ $1 {[%mdl 512]} Kf8 31. Rxh6 Qxf2+ 32. Kxf2 Rf4+ 33. Qxf4 Re2+ 34. Kxe2 f6 35. Rh8+ Kg7 36. Qh6+ Kf7 37. Rxc7#) 30. Rg4 {White wants to mate with Rcg3.} Qd8 $2 {[#]} (30... h5 $18 31. Rg5 h4) 31. Rcg3 $1 Qd7 32. Rh4 (32. f4 $142 b4 33. Rh4 Re6 34. dxe6 Qxe6 35. Qxe6 Rxe6 36. f5 Rf6 37. Rxh6) 32... Kh7 33. Qg5 {Accuracy: White = 91%, Black = 52%.} 1-0

[Event "Prague Festival Challengers 2020"]
[Site "Prague"]
[Date "2020.02.16"]
[Round "5.2"]
[White "Piorun, Kacper"]
[Black "Nguyen, Thai Dai Van"]
[Result "1/2-1/2"]
[WhiteElo "2611"]
[BlackElo "2560"]
[Annotator "TA"]
[PlyCount "43"]
[EventDate "2020.02.12"]
[EventType "tourn"]
[EventCountry "CZE"]
[SourceTitle "playchess.com"]
[Source "ChessBase"]
[SourceQuality "1"]

{[%evp 16,43,12,18,18,17,8,14,12,10,19,17,27,0,0,1,9,0,0,0,0,0,0,0,0,0,0,0,0,0]} 1. e4 e5 2. Nf3 Nc6 3. Bb5 Nf6 4. O-O Nxe4 5. Re1 Nd6 6. Nxe5 Be7 7. Bf1 Nxe5 8. Rxe5 O-O 9. d4 Bf6 {C67: Ruy Lopez: Berlin Defence: 4 0-0 Nxe4.} 10. Re2 b6 11. Re1 Bb7 12. Bf4 Ne4 13. Nd2 Re8 {[#]} 14. Nf3 $146 ({Predecessor:} 14. c3 Bg5 15. Qg4 Bxf4 16. Qxf4 Qf6 17. Qxf6 Nxf6 18. Rxe8+ Rxe8 19. a4 a5 20. Bb5 {½-½ (52) Saric,I (2667)-Bok,B (2640) Khanty-Mansiysk 2019}) 14... d6 {The position is equal.} 15. a4 a6 16. Ra3 Qd7 17. Rae3 Qf5 18. Bg3 $1 Qd7 19. Bf4 Qf5 20. Bg3 $1 Qd7 21. Bf4 Qf5 22. Bg3 $1 {Accuracy: White = 93%, Black = 100%.} 1/2-1/2

[Event "Prague Festival Challengers 2020"]
[Site "Prague"]
[Date "2020.02.16"]
[Round "5.3"]
[White "Bartel, Mateusz"]
[Black "Abasov, Nijat"]
[Result "1-0"]
[WhiteElo "2639"]
[BlackElo "2670"]
[Annotator "TA"]
[PlyCount "71"]
[EventDate "2020.02.12"]
[EventType "tourn"]
[EventCountry "CZE"]
[SourceTitle "playchess.com"]
[Source "ChessBase"]
[SourceQuality "1"]

{[%evp 12,71,0,0,0,0,0,0,0,0,39,24,28,0,0,8,30,36,73,82,72,48,34,37,75,0,0,0,44,42,70,72,67,62,91,77,135,135,183,172,185,186,176,154,237,222,235,221,235,257,343,344,29988,29989,29989,29990,29991,29992,29992,29978,29970,12086]} 1. d4 Nf6 2. c4 e6 3. g3 d5 4. Bg2 Be7 5. Nc3 O-O 6. Nf3 dxc4 7. Ne5 Qd6 {E06: Closed Catalan: Early deviations.} 8. Nxc4 {8.0-0 is the hot move.} Qa6 $1 {[%cal Ra6c4]} 9. b3 Rd8 {The position is equal.} 10. a4 Bb4 {[#]} 11. Bd2 $146 ({Predecessor:} 11. Bb2 c5 12. O-O Bxc3 13. Bxc3 Nc6 14. e3 cxd4 15. exd4 Nd5 16. Bb2 Bd7 17. Re1 {½-½ (27) Vrolijk,L (2467)-Davtyan,A (2437) Groningen 2019}) 11... Rxd4 12. Qc1 Bd7 13. Be3 Nc6 (13... Rxc4 $5 14. bxc4 Qxc4 $11) 14. O-O Bxc3 15. Qxc3 Nd5 16. Qb2 Nxe3 17. fxe3 Rg4 18. Rad1 (18. Qc3 $16) 18... Be8 $1 $11 19. Bxc6 bxc6 20. Qa3 {Threatens to win with Qe7.} Qb7 21. Rd3 $1 {[%mdl 1024] White has compensation.} Rg5 22. Qe7 $36 {[%mdl 2048] White is pushing.} h6 23. e4 {And now h4 would win.} Kh7 (23... c5 $142) 24. Rf4 $1 $16 {Hoping for h4.} Rg6 {[#]} 25. Ne5 $1 {[%cal Re5g6]} Rg5 26. Nf3 ({Resist} 26. Nxf7 Bxf7 27. Rxf7 Rg6 $16) 26... Rg6 27. e5 {aiming for Rfd4.} Qb6+ (27... c5 $16 28. Qxc5 Qb6) 28. Kg2 $18 c5 {[#]} 29. h4 $1 {[%cal Rh4h5] Strongly threatening h5.} Bc6 30. Qxf7 Bxf3+ 31. exf3 {Rf6 is the strong threat.} ({Weaker is} 31. Rfxf3 c4 $16) 31... Qa5 $2 {[#]} (31... Qa6 $18 32. Rc4 Rb8) 32. Rf6 $1 {[%mdl 512] White mates.} Rxg3+ 33. Kxg3 Qe1+ {[#]} 34. Kg4 $1 Qxe5 35. Qg6+ Kg8 36. Rxe6 {Accuracy: White = 96%, Black = 57%.} 1-0

[Event "Prague Festival Challengers 2020"]
[Site "Prague"]
[Date "2020.02.16"]
[Round "5.4"]
[White "Van Foreest, Jorden"]
[Black "Cernousek, Lukas"]
[Result "1/2-1/2"]
[WhiteElo "2667"]
[BlackElo "2442"]
[Annotator "TA"]
[PlyCount "77"]
[EventDate "2020.02.12"]
[EventType "tourn"]
[EventCountry "CZE"]
[SourceTitle "playchess.com"]
[Source "ChessBase"]
[SourceQuality "1"]

{[%evp 15,77,8,8,9,22,12,24,19,26,0,0,0,23,10,1,0,20,11,31,22,42,43,41,43,30,14,15,15,20,23,18,0,0,0,0,0,0,0,0,0,0,0,0,0,0,0,0,0,0,0,0,-121,-125,-158,0,0,0,0,0,0,0,0,0,0]} 1. e4 e6 2. d4 d5 3. Nc3 Nf6 4. Bg5 dxe4 5. Nxe4 Nbd7 6. Nf3 Be7 7. Nxf6+ Bxf6 8. Qd2 Bxg5 9. Nxg5 {C13: French: Classical System: 4 Bg5 Be7, Alekhine-Chatard Attack.} h6 10. Nf3 O-O 11. O-O-O {White has an edge.} b6 12. Bd3 Bb7 13. Qe3 {[#]} Qf6 $146 ({Predecessor:} 13... Nf6 14. Ne5 Nd5 15. Qe4 Qg5+ 16. Rd2 f5 17. Qf3 Rab8 18. h4 Qd8 {½-½ (39) Kaniansky,M (2126)-Podoba,M (2062) Slovakia 2019}) 14. Ne5 Rad8 15. f4 Nxe5 16. dxe5 Qh4 17. Rd2 Kh8 18. Rhd1 Rd7 ({Wrong is} 18... Qxh2 $2 19. g3 $18) 19. g3 Qe7 20. Be2 Rfd8 21. Rxd7 Rxd7 22. Rxd7 Qxd7 23. Qa3 Qd4 24. Qxa7 Qe3+ 25. Kd1 Bf3 26. Bxf3 Qxf3+ $11 {[%mdl 4096] Endgame KQ-KQ} 27. Kd2 Qf2+ 28. Kd3 Qf3+ 29. Kc4 Qd5+ 30. Kc3 Qc5+ 31. Kb3 Qb5+ 32. Ka3 Qc5+ 33. b4 (33. Kb3 $11 {was the only way to keep the balance.}) 33... Qxc2 $17 34. Qb7 c6 $2 (34... Qxh2 $17 35. Qa8+ Kh7 36. Qe4+ g6) 35. Qxb6 {The position is equal.} Qc3+ 36. Ka4 {Qc5 is the strong threat.} Qc2+ {[%mdl 64] [#] Double Attack} 37. Ka3 Qc3+ 38. Ka4 {Threatens to win with Qc5.} Qc2+ {[%mdl 64] Double Attack} 39. Ka3 {Accuracy: White = 87%, Black = 96%.} 1/2-1/2

[Event "Prague Festival Challengers 2020"]
[Site "Prague"]
[Date "2020.02.16"]
[Round "5.5"]
[White "Kriebel, Tadeas"]
[Black "Esipenko, Andrey"]
[Result "0-1"]
[WhiteElo "2524"]
[BlackElo "2654"]
[Annotator "TA"]
[PlyCount "70"]
[EventDate "2020.02.12"]
[EventType "tourn"]
[EventCountry "CZE"]
[SourceTitle "playchess.com"]
[Source "ChessBase"]
[SourceQuality "1"]

{[%evp 10,70,24,16,14,16,13,0,20,13,10,10,22,14,14,7,9,12,55,0,0,-6,0,0,0,0,0,-52,-41,-43,-28,-42,-34,-63,-32,-29,0,0,0,0,0,-54,-48,-51,-56,-52,-46,-65,-74,-121,-116,-160,-168,-330,-357,-377,-368,-368,-368,-518,-513,-554,-533]} 1. d4 Nf6 2. c4 e6 3. g3 d5 4. Bg2 dxc4 5. Nf3 a6 6. Ne5 Bb4+ {E04: Open Catalan: 5 Nf3.} 7. Nc3 {[#] Threatens to win with Qa4+.} Nd5 8. O-O {Hoping for Nxd5.} O-O {The position is equal.} 9. Ne4 b5 10. b3 cxb3 11. axb3 Bb7 12. Nd3 {[#]} Bc3 $146 {[%mdl 2048] Black has the initiative.} ({Predecessor:} 12... Be7 13. Nec5 Bc6 14. Bb2 Nf6 15. e4 Bxc5 16. Nxc5 Nbd7 17. Nxd7 Nxd7 18. Bc3 Bb7 {0-1 (38) Harikrishna,P (2731)-Nakamura,H (2741) Kolkata 2019}) 13. Bg5 Qe8 14. Rc1 (14. Nxc3 $14 Nxc3 15. Qc2 Bxg2 16. Kxg2) 14... Bxd4 $11 15. Ndc5 Bxc5 $1 16. Nxc5 Bc6 17. e4 Nb6 18. Qc2 ({White should try} 18. Qg4 $11 f5 19. Qh4) 18... h6 $15 19. Be3 a5 20. Nd3 N6d7 21. Qb2 b4 22. Rfd1 e5 23. Nc5 Nf6 24. f3 Bb5 25. Nb7 (25. Bh3 $11) 25... Nbd7 $1 26. Ra1 Qe6 27. Nxa5 Rfb8 28. Qf2 Ne8 29. Rdc1 Ra6 {...Rba8 is the strong threat.} 30. Bf1 {[#]} Nd6 $1 {White must now prevent ...Rba8.} 31. Bxb5 $2 (31. Qd2 {was the only defense.}) 31... Rxb5 $19 ({Less strong is} 31... Nxb5 32. Nc4 $17) 32. Nc6 Rxa1 33. Rxa1 Qxb3 34. Qe2 (34. Bd2 $142) 34... Qc4 35. Ne7+ Kf8 {Accuracy: White = 61%, Black = 90%.} 0-1

[Event "Prague Festival Challengers 2020"]
[Site "Prague"]
[Date "2020.02.18"]
[Round "6.1"]
[White "Bartel, Mateusz"]
[Black "Stefansson, Hannes"]
[Result "1/2-1/2"]
[WhiteElo "2639"]
[BlackElo "2529"]
[Annotator "TA"]
[PlyCount "67"]
[EventDate "2020.02.12"]
[EventType "tourn"]
[EventCountry "CZE"]
[SourceTitle "playchess.com"]
[Source "ChessBase"]
[SourceQuality "1"]

{[%evp 15,67,3,9,0,0,2,18,18,20,3,1,-19,0,-4,-5,-8,7,0,0,0,9,7,16,12,19,7,22,11,51,0,0,0,16,4,5,8,22,22,15,17,16,20,16,0,0,0,23,0,1,0,0,0,15,8]} 1. c4 e6 2. g3 Nf6 3. Bg2 d5 4. d4 Be7 5. Nc3 O-O 6. Nf3 dxc4 7. Ne5 c5 8. dxc5 Qxd1+ 9. Nxd1 {E06: Closed Catalan: Early deviations.} Bxc5 10. Nc3 Nc6 11. Nxc4 Nd5 12. Bd2 Rd8 13. Ne4 Be7 14. Rc1 b6 15. Nc3 Bc5 {[#]} 16. Ne3 $146 {[%cal Re3d5]} ({Predecessor:} 16. Nxd5 exd5 17. Na5 Nxa5 18. Bxa5 Rd7 19. O-O Ba6 20. Rfe1 g6 21. e3 Bxe3 22. fxe3 bxa5 23. Rc5 Bb7 24. Rxa5 {½-½ (33) Sarana,A (2618)-Leko,P (2669) Moscow 2018}) 16... Nde7 17. Na4 Bxe3 18. Bxe3 Ba6 19. f4 Rac8 20. Kf2 Nb4 21. a3 Nc2 {next ...Nf5 is good for Black.} 22. Be4 (22. Bc5 $14 bxc5 23. Rxc2) 22... Nxe3 $11 23. Kxe3 Bc4 (23... Nf5+ {is interesting.} 24. Bxf5 exf5 25. Rxc8 Rxc8 26. Nc3 Kf8) 24. Rhd1 Rxd1 25. Rxd1 Nd5+ 26. Bxd5 Bxd5 {[%mdl 4096] Endgame KRB-KRN} 27. Nc3 Bc6 28. Rd4 b5 29. Kd2 Kf8 30. e4 Ke7 31. e5 a5 {The position is equal.} 32. Rd6 f6 33. Ne2 Bd7 34. Ra6 {Accuracy: White = 95%, Black = 95%.} 1/2-1/2

[Event "Prague Festival Challengers 2020"]
[Site "Prague"]
[Date "2020.02.18"]
[Round "6.2"]
[White "Nguyen, Thai Dai Van"]
[Black "Van Foreest, Jorden"]
[Result "0-1"]
[WhiteElo "2560"]
[BlackElo "2667"]
[Annotator "TA"]
[PlyCount "106"]
[EventDate "2020.02.12"]
[EventType "tourn"]
[EventCountry "CZE"]
[SourceTitle "playchess.com"]
[Source "ChessBase"]
[SourceQuality "1"]

{[%evp 14,106,12,12,61,73,61,40,33,7,6,0,0,0,0,0,0,0,0,0,0,-10,0,0,0,0,0,-47,-28,-50,-41,-39,-39,-50,-50,-50,-50,-50,-50,-50,-28,-50,-8,-8,-8,-8,-8,-8,-8,-8,0,-18,-18,-18,-18,-48,-35,-16,-27,-29,-31,-90,-90,-90,-90,-222,-227,-249,-130,-304,-276,-361,-361,-400,-400,-345,-345,-596,-596,-5106,-5106,-5106,-5106,-5106,-5106,-5106,-5106,-5104,-5089,-5085,-868,-29983,-29985,-29988,-29989]} 1. c4 e5 2. g3 Nc6 3. Bg2 g6 4. Nc3 Bg7 5. d3 d6 6. e4 f5 7. Nge2 Nf6 8. Nd5 f4 $5 {[%mdl 4] Exploring less charted territory. A26: English Opening vs King's Indian with ...Nc6 and d3.} 9. gxf4 O-O 10. O-O Nh5 {White is slightly better.} 11. fxe5 dxe5 {[#]} 12. b4 $146 ({Predecessor:} 12. f4 Bg4 13. Qe1 Qd7 14. f5 gxf5 15. exf5 Bxf5 16. Qh4 Bg6 17. Be3 Rae8 18. Rxf8+ Rxf8 {1-0 (45) Bachmann,A (2629)-Christiansen,J (2558) chess24.com INT 2019}) 12... Nd4 13. Nxd4 exd4 14. b5 c6 15. bxc6 bxc6 16. Nb4 Qh4 {Hoping for ...Be5.} 17. f4 Bd7 {[%cal Rh5f4]} 18. e5 Nxf4 19. Bxf4 Rxf4 20. Rxf4 (20. Qe2 {is interesting.} Re8 21. Nxc6 Bxc6 22. Rxf4 Qxf4 23. Bxc6 Rxe5 24. Qf2) 20... Qxf4 21. Qf3 Qxe5 {And now ...Qe3+ would win.} 22. Nxc6 Qe3+ 23. Qxe3 dxe3 24. Ne7+ Kh8 25. Bxa8 Bxa1 $15 {[%mdl 4096] Endgame KBB-KBN} 26. Bf3 $1 Kg7 27. Nd5 Bf5 28. Be2 g5 29. Kg2 Bd4 30. Kf3 h5 31. Nxe3 Bg6 32. h3 Kf6 33. Nd5+ Ke5 34. Ne7 Be8 {[%mdl 1024] Black has compensation.} 35. Nd5 a5 36. Bd1 Bc5 37. Kg2 (37. Nc7 $15 Bc6+ 38. Kg3) 37... Bg6 $1 $17 38. Be2 Kd4 $1 39. Nc7 (39. Nf6 $17) 39... Ke3 $19 ({Not} 39... Bxd3 40. Ne6+ Ke5 41. Bxd3 $11) 40. Ne6 Be7 ({Weaker is} 40... Kxe2 41. Nxc5 Bf5 42. Nb7 $11) 41. Bf3 $2 (41. Bf1 $17) 41... Bxd3 42. Bd5 {[#]} Be4+ $1 43. Bxe4 Kxe4 {KB-KN} 44. Kg3 {[#]} a4 $1 {[%cal Ba5a4,Ba4a3,Ba3a2][%mdl 32]} 45. Ng7 $2 (45. Kf2 {was the only chance.} h4 46. Ke2) 45... Kd3 46. Nxh5 Kc3 47. Ng7 Kb2 48. Ne6 Kxa2 49. c5 a3 50. c6 Bd6+ 51. Kf3 Kb2 52. Nc5 a2 53. Na4+ Kc2 {Accuracy: White = 57%, Black = 95%.} 0-1

[Event "Prague Festival Challengers 2020"]
[Site "Prague"]
[Date "2020.02.18"]
[Round "6.3"]
[White "Abasov, Nijat"]
[Black "Esipenko, Andrey"]
[Result "1-0"]
[WhiteElo "2670"]
[BlackElo "2654"]
[Annotator "TA"]
[PlyCount "77"]
[EventDate "2020.02.12"]
[EventType "tourn"]
[EventCountry "CZE"]
[SourceTitle "playchess.com"]
[Source "ChessBase"]
[SourceQuality "1"]

{[%evp 10,77,3,-4,-4,-10,0,-4,0,0,0,0,0,0,13,9,12,12,13,6,11,0,0,0,11,16,14,14,20,18,16,19,12,7,6,10,38,43,37,39,39,39,39,48,33,38,38,29,73,75,104,103,185,141,142,120,164,168,170,170,171,178,186,186,761,740,5397,5181,29974,29974]} 1. e4 e5 2. Nf3 Nc6 3. c3 Nf6 4. d4 exd4 5. e5 Nd5 6. Bc4 Nb6 {C44: Ponziani Opening and Scotch Gambit.} 7. Bb3 Be7 8. O-O d6 {The position is equal.} 9. exd6 Qxd6 10. Nxd4 Nxd4 11. cxd4 {[#]} c6 $146 ({Predecessor:} 11... Be6 12. Bxe6 Qxe6 13. Re1 Qd7 14. Qe2 Nd5 15. Nc3 Nxc3 16. bxc3 O-O 17. Rb1 b6 18. Bf4 Bd6 {½-½ (18) Sermek,D (2495)-Mikhalchishin,A (2520) Portoroz 1993}) 12. Nc3 O-O 13. Re1 Bf6 14. Be3 Bf5 15. Qf3 Qd7 16. h3 Rad8 17. Rad1 Nd5 18. Bxd5 cxd5 19. Bf4 Bc2 20. Rd2 Bg6 21. Be5 Bg5 22. Rde2 Qf5 {[#] Strongly threatening ...Qxf3.} 23. Qg3 f6 24. Bd6 Rfe8 25. Rxe8+ Rxe8 26. Rxe8+ Bxe8 27. f4 Bh6 28. Qe3 {[%cal Re3e8]} Bc6 29. Qe7 {[%csl Gd6][%cal Re7f8]} Qc8 30. Kh2 b5 (30... g6 $16) 31. b4 a6 32. a3 g6 33. Qxf6 {And now Be5 would win.} Bg7 {[#]} 34. Qg5 $1 Bxd4 35. Nxd5 {Threatens to win with Ne7+.} Qd7 36. Qe7 $40 {[%csl Gd6][%cal Re7f8][%mdl 128] White wants a kill.} Qe8 $2 (36... h5 37. Nf6+ Bxf6 38. Qf8+ (38. Qxf6 Qf7 $16) 38... Kh7 39. Qxf6 Qg7) 37. Be5 $18 Bxe5 38. fxe5 {White wants to mate with Nf6+!} Qf7 39. e6 {Accuracy: White = 96%, Black = 58%.} 1-0

[Event "Prague Festival Challengers 2020"]
[Site "Prague"]
[Date "2020.02.18"]
[Round "6.4"]
[White "Krejci, Jan"]
[Black "Piorun, Kacper"]
[Result "1/2-1/2"]
[WhiteElo "2559"]
[BlackElo "2611"]
[Annotator "TA"]
[PlyCount "49"]
[EventDate "2020.02.12"]
[EventType "tourn"]
[EventCountry "CZE"]
[SourceTitle "playchess.com"]
[Source "ChessBase"]
[SourceQuality "1"]

{[%evp 12,49,27,21,37,0,4,0,19,8,8,5,6,0,0,0,18,0,0,0,0,-25,-30,-37,-29,-38,-21,-37,-12,-57,0,0,0,0,0,0,0,0,0,0]} 1. d4 Nf6 2. c4 g6 3. g3 Bg7 4. Bg2 c5 5. Nf3 O-O 6. Nc3 cxd4 7. Nxd4 Qc7 {E60: King's Indian: Unusual lines and Fianchetto Variation without Nc3.} 8. Nd5 Nxd5 9. cxd5 Qb6 10. Nb3 d6 11. O-O Qa6 12. Nd4 Qb6 13. Nb3 Qa6 14. Nd4 Qb6 $36 {[%mdl 2048] White is under pressure.} 15. Nc2 Na6 16. a4 Bd7 17. a5 Qb5 18. Nd4 Qc4 19. Be3 Rfc8 20. Ra3 Nb4 (20... Rc7 $15) 21. Rc3 $11 {The position is equal.} Qa2 22. Ra3 Qc4 23. Rc3 Qa2 24. Ra3 Qc4 25. Rc3 {Accuracy: White = 79%, Black = 87%.} 1/2-1/2

[Event "Prague Festival Challengers 2020"]
[Site "Prague"]
[Date "2020.02.18"]
[Round "6.5"]
[White "Cernousek, Lukas"]
[Black "Kriebel, Tadeas"]
[Result "1-0"]
[WhiteElo "2442"]
[BlackElo "2524"]
[Annotator "TA"]
[PlyCount "93"]
[EventDate "2020.02.12"]
[EventType "tourn"]
[EventCountry "CZE"]
[SourceTitle "playchess.com"]
[Source "ChessBase"]
[SourceQuality "1"]

{[%evp 15,93,37,37,37,37,37,49,37,37,41,45,44,47,21,84,-12,0,-7,33,81,101,110,102,110,84,84,98,93,101,100,80,61,91,72,76,84,93,63,66,74,74,74,74,74,74,74,108,109,131,124,2114,2095,2057,1417,6249,6270,6503,5481,29977,1028,821,0,29977,29978,29977,29978,29968,29969,29988,6270,29994,29985,29985,29985,29985,6470,29997,29998,29998,29999]} 1. e4 e5 2. Nf3 Nc6 3. Nc3 Nf6 4. d4 exd4 5. Nxd4 Nxe4 6. Nxe4 Qe7 7. f3 d5 8. Bb5 {8.Bb5 is better than 8.Nxc6.} Bd7 9. O-O {Strongly threatening Re1. has lost popularity (9.Bxc6). C47: Scotch Four Knights and Four Knights with 4 g3.} dxe4 10. Bxc6 $1 bxc6 11. Re1 {White is slightly better.} O-O-O {Threatens to win with ...c5.} 12. Rxe4 Qb4 13. Nb3 Qb7 {[#]} 14. Qe2 $146 ({Predecessor:} 14. Be3 Bf5 15. Rd4 Bd6 16. Qf1 Be5 17. Ra4 Qb5 18. Rxa7 Qxf1+ 19. Rxf1 Kb8 20. Na5 {0-1 (35) Belenkaya,D (2323)-Eugene,F (2193) Avoine 2017}) 14... f5 (14... Bd6 $11) 15. Ra4 (15. Re5 $16) 15... c5 $11 16. Ra5 $36 {[%mdl 2048] White has some pressure.} Re8 (16... c4 $5 17. Qxc4 Qb6+ 18. Qd4 Be6 19. Qxb6 Rd1+ 20. Kf2 axb6 $11) 17. Qf2 c4 18. Rxa7 Re1+ 19. Qxe1 Qxa7+ 20. Be3 Qa4 21. Nd4 Bd6 22. Qd2 Re8 23. a3 Be5 24. Bf4 Bf6 25. c3 h6 26. Re1 Rxe1+ 27. Qxe1 Bxd4+ 28. cxd4 g5 29. Be5 Qc2 30. Qc3 Qd1+ 31. Kf2 Be6 32. h3 {aiming for Qa5.} Qb1 $2 {[%mdl 8192] [#]} (32... Qa4 $16 33. Qd2 Qb3) 33. d5 $1 $18 {[%mdl 512]} Bxd5 {[#]} 34. Qa5 $1 {[%csl Ge5][%cal Ra5c7][%mdl 576] Double Attack} Qc2+ {[#]} 35. Kg1 $1 {[%csl Ge5][%cal Ra5c7][%mdl 512]} Qd1+ 36. Kh2 {[%csl Ge5][%cal Ra5c7]} Kb7 37. Qb5+ (37. Qxc7+ $142 Ka6 38. Qd6+ Kb7 39. Qd7+ Ka6 40. a4 Qb3 41. Qxd5 h5 42. Qa8+ Kb6 43. a5+ Kc5 44. a6) 37... Kc8 {[#]} 38. Qa5 (38. Qc5 $1 $18 {[%mdl 512]} Bc6 39. Qxc6 {[%mdl 64] Double Attack}) 38... Kb7 $1 39. Qxc7+ Ka6 40. Qd6+ Kb5 41. Qd7+ Kb6 42. Bc7+ (42. a4 $142 Qxa4 43. Qxa4 Bg8 44. Qd7 g4 45. Bd4+ Ka5 46. Qb7 g3+ 47. Kh1 h5 48. Bc3+ Ka4 49. Qb4#) 42... Ka6 43. a4 Qd4 44. Qb5+ Ka7 45. Bd6 (45. Bb8+ $142 Ka8 46. Bd6 Ka7 47. Bc5+ Qxc5 48. Qxc5+ Kb8 49. Qxd5 Kc7 50. a5) 45... Qd2 46. Bc5+ Ka8 47. Qa6+ {[%mdl 64] Double Attack. Accuracy: White = 81%, Black = 63%.} 1-0

[Event "Prague Festival Challengers 2020"]
[Site "Prague"]
[Date "2020.02.19"]
[Round "7.1"]
[White "Stefansson, Hannes"]
[Black "Abasov, Nijat"]
[Result "1/2-1/2"]
[WhiteElo "2529"]
[BlackElo "2670"]
[Annotator "TA"]
[PlyCount "62"]
[EventDate "2020.02.12"]
[EventType "tourn"]
[EventCountry "CZE"]
[SourceTitle "playchess.com"]
[Source "ChessBase"]
[SourceQuality "1"]

{[%evp 19,62,33,23,16,15,11,12,12,18,12,19,23,22,6,14,10,7,11,4,5,16,0,0,0,0,0,0,0,0,0,0,0,0,0,0,0,0,0,0,0,0,0,0,0,0]} 1. d4 Nf6 2. c4 e6 3. Nf3 b6 4. g3 Bb7 5. Bg2 Bb4+ 6. Bd2 Bxd2+ 7. Qxd2 O-O 8. O-O d6 9. Nc3 Ne4 10. Nxe4 Bxe4 11. Qe3 {E16: Queen's Indian: 4 g3 Bb7 5 Bg2 Bb4+.} Bb7 12. Qd3 {Black must now prevent Ng5!} f5 13. Ne1 Bxg2 14. Nxg2 {[#]} e5 $146 ({Predecessor:} 14... Qf6 15. Qf3 c6 16. Rfd1 d5 17. Rac1 Nd7 18. Qa3 Rfc8 19. Nf4 g5 20. Nd3 Qxd4 21. cxd5 cxd5 {1-0 (39) Alekseev,E (2707)-Raznikov,D (2486) St Petersburg 2013}) 15. dxe5 dxe5 16. Qf3 {The position is equal.} e4 17. Qc3 Nc6 18. Rfd1 Qf6 19. Qxf6 Rxf6 20. Rd7 Rf7 21. Rad1 Ne5 22. Rxf7 Kxf7 $11 {[%mdl 4096] Endgame KRN-KRN} 23. Ne3 g6 24. Kg2 Re8 25. f4 exf3+ 26. exf3 Re7 27. Kf2 Rd7 28. Rxd7+ Nxd7 29. Ke2 Ke6 30. f4 Kd6 31. b4 a6 {Accuracy: White = 100%, Black = 100%.} 1/2-1/2